000 00673nam a2200289Ia 4500
005 20260324133424.0
008 008 260324s9999 xx 000 0 eng d
020 _a9780203401903
037 _aEBOOK
040 _aCRL
040 _beng
040 _cCRL
041 _2eng
041 _aeng
084 _qCRL
100 _aPeter Abbs
_91193039
245 0 _aAgainst the Flow
245 0 _bEducation, the Art and Postmodern Culture
260 _bTaylor and Francis
260 _c2003
365 _a
365 _b280
856 _uhttp://www.taylorfrancis.com/books/9780203401903
942 _cEBOOK
999 _c1792048
_d1792048